000 01200nam0a22002651 4500
001 rc\3327525
005 20130115151244.7
021 _aRU
_bП5449-77
035 _a(NLR Aleph) 007423419
090 _a6939995
_c6939995
100 _a20130115d1974 |||y0rusy50 ca
101 0 _arus
102 _aRU
105 _aa z |||||
200 1 _aИсследование и проектирование испытательных машин, весо- и силоизмерительных приборов
_e[Сборник статей]
_fПод общ. ред. к. т. н. А.С. Больших
210 _aМосква
_cБ. и.
_d1974
215 _a135 с.
_cил.
_d26
225 1 _aНаучно-исследовательский и конструкторский институт испытательных машин, приборов и средств измерения масс. НИКИМП. Труды Института
_vВып. 3
320 _aБиблиогр. в конце статей
702 1 _aБольших
_bА. С.
_gАртемий Степанович
_4340
801 0 _aRU
_bNLR
_gpsbo
801 1 _aRU
_bELAR
_2rusmarc
852 _aNLR
_jП10/4601
942 _cBOOK
980 _aNB